Best Actor Winners - Sudden Death - Statistics

General Stats
  • This quiz has been taken 187 times
    140 since last reset
  • The average score is 6 of 15
Answers on the Grid
Answers color-coded by a green-red scale on the quiz's grid according to % correct below.
Brendan Fraser
Will Smith
Leonardo DiCaprio
River Phoenix
Denzel Washington
Benedict Cumberbatch
Robert De Niro
Burt Lancaster
Mahershala Ali
Michael Caine
Jim Carrey
Donald Sutherland
Samuel L. Jackson
Willem Dafoe
James Stewart
James Dean
Gary Cooper
Charlie Chaplin
Richard Burton
Robert Redford
Humphrey Bogart
Clark Gable
Kirk Douglas
Michael Douglas
Michael Keaton
Andrew Garfield
John Drew Barrymore
Ethan Hawke
Adrien Brody
Jamie Foxx
Philip Seymour Hoffman
Ryan Gosling
 
Answer Stats
Answer % Correct
Leonardo DiCaprio
68%
Robert De Niro
63%
Denzel Washington
56%
Adrien Brody
53%
Philip Seymour Hoffman
48%
James Stewart
44%
Jamie Foxx
44%
Clark Gable
42%
Will Smith
41%
Brendan Fraser
38%
Gary Cooper
36%
Michael Douglas
36%
Humphrey Bogart
35%
Burt Lancaster
25%
Michael Caine
12%
No matching quizzes found
Score Distribution
Percent of People with Each Score
Percentile by Number Answered
Your Score History
You have not taken this quiz since the last reset